历届春晚分会场所在地级行政区 Prefectures where the Spring Festival Gala venues held - Statistics

General Stats
  • This quiz has been taken 58 times
  • The average score is 21 of 31
Answer Stats
年份 分会场 % Correct
2024 沈阳
96%
1988 哈尔滨
93%
2017 哈尔滨
93%
2025 武汉
93%
1988 广州
91%
1996 西安
91%
2016 西安
91%
2016 广州
91%
2024 西安
91%
2025 重庆
89%
1996 上海
87%
2017 上海
87%
2024 长沙
87%
2025 拉萨
87%
1988 成都
84%
2002 深圳
84%
2019 长春
84%
2019 深圳
84%
2020 郑州
84%
2025 无锡
69%
2018 三亚
56%
2020 珠海 (大湾区)
49%
2018 珠海
47%
2024 喀什
42%
2017 桂林
40%
2016 泉州
36%
2016 呼伦贝尔
24%
2018 泰安
13%
2017 凉山
11%
2019 吉安
11%
2018 黔东南
7%
No matching quizzes found
Score Distribution
Percent of People with Each Score
Percentile by Number Answered
Your Score History
You have not taken this quiz